000 01836nam a2200289 a 4500
001 BRCA_2627
005 20190320203909.0
008 011208s1879----sp-a---###---#000-0#spa-u
041 _aspa
044 _asp
084 _a188
_b.E88
_c1879
100 1 _aCervantes Saavedra, Miguel de
_d1547-1616
_9213
245 1 0 _aEl Ingenioso Hidalgo Don Quijote de la Mancha
_ccompuesto por Miguel de Cervantes Saavedra.
260 _aBarcelona
_bBiblioteca ilustrada de Espasa hermanos
_c1879?
300 _a2 v.
_bil.
_c34 cm.
_e1 mapa
500 _aContenido : v 1. Primera parte. Retrato de Cervantes. Dedicatoria del autor. Prólogo del autor. Variantes y nota. Texto. -- v 2. Segunda parte. Dedicatoria del autor. Prólo del autor. Variantes. Mapa de lugares donde anduvo Don Quijote. Texto
500 _aEdición : Monumental exornada con riquísimas láminas grabadas en acero por los más aventajados artistas españoles
500 _aPara esta hermosa edición echaron mano los editores de las preciosa láminas y viñetas y cabeceras de capítulos, de la edición de Tmás Gorchs, impresa en 1859. El texto fue nuevamente corregido y revisado por el mismo Gorchs quien cotejó las ediciones de Juan de la Cuesta y varias modernas, entre las cuales las de Clemencín y Hartzenbusch. Al igual que este último, coloca el robo dle rucio en el capítulo XXV. Edición de gran lujo, impresa en hermosos tipos. Semipiel; lomeras decoradas con filetes dorados Lúdovik Osterc
500 _aQM179
650 1 4 _aNovela española
_yÉpoca clásica, 1500-1700
_9215
650 1 4 _aLiteratura española
_yÉpoca clásica, 1500-1700
_9216
650 1 4 _aNovela española
_ySiglo XVII
_9217
650 1 4 _aDon Quijote (Personaje ficticio)
_eNovela
_9218
740 0 _aEl Ingenioso Hidalgo Don Quijote de la Mancha
902 _aQFM
942 _2lcc
_cB
999 _c2367
_d2367